Τα μελαμβαφή αγγεία από το νεκροταφείο του Φαλήρου : διπλωματική εργασία [μεταπτυχιακή εργασία]

Αποθηκεύτηκε σε:
Λεπτομέρειες βιβλιογραφικής εγγραφής
Κύριος συγγραφέας: Αλεξανδροπούλου, Άννα
Συγγραφή απο Οργανισμό/Αρχή: Πανεπιστήμιο Αιγαίου Σχολή Ανθρωπιστικών Επιστημών Τμήμα Μεσογειακών Σπουδών Πρόγραμμα Μεταπτυχιακών Σπουδών Αρχαιολογία της Ανατολικής Μεσογείου από την Προϊστορική εποχή έως την Ύστερη αρχαιότητα: Ελλάδα, Αίγυπτος, Εγγύς Ανατολή
Μορφή: Thesis Βιβλίο
Γλώσσα:Greek
Δημοσίευση: 2020.
Θέματα:
Ετικέτες: Προσθήκη ετικέτας
Δεν υπάρχουν, Καταχωρήστε ετικέτα πρώτοι!

MARC

LEADER 00000cam a2200000 a 4500
001 1/122894
008 210419s2020####gr | ||| |||| ||gre||
040 |a GR-MyUa  |b gre  |c GR-MyUa  |e AACR2 
041 0 |a gre 
082 7 |a 738.38209385   |2 (23) 
100 1 |a Αλεξανδροπούλου, Άννα. 
245 1 3 |a Τα μελαμβαφή αγγεία από το νεκροταφείο του Φαλήρου :   |b διπλωματική εργασία [μεταπτυχιακή εργασία] /   |c Αλεξανδροπούλου Άννα ; επιβλέπων καθηγητής: Στεφανάκης Εμμανουήλ.  
260 |c 2020.  
300 |a 174 σ. :  |b εικ. ;   |c 30 εκ.  
500 |a Μέλη εξεταστικής επιτροπής: Στεφανάκης Εμμανουήλ, Κεφαλίδου Ευρυδίκη, Παλαιοθόδωρος Δημήτριος.  
502 |a Διπλωματική εργασία - Πανεπιστήμιο Αιγαίου, Ρόδος 2020.  
504 |a Βιβλιογραφία: σ. 68-75.  
506 1 |a Πλήρες κείμενο - Ενδοπανεπιστημιακή δημοσίευση - Κλειδωμένη η δυνατότητα αντιγραφής.  
650 0 |a Cemeteries  |z Greece  |z Athens. 
650 0 |a Vases, Black-figured  |z Greece. 
650 0 |a Tombs  |z Greece. 
650 0 |a Excavations (Archaeology)  |z Greece  |z Athens. 
700 1 |a Στεφανάκης, Εμμανουήλ Ι.  |e dgs 
710 2 |a Πανεπιστήμιο Αιγαίου   |b Σχολή Ανθρωπιστικών Επιστημών  |b Τμήμα Μεσογειακών Σπουδών   |b Πρόγραμμα Μεταπτυχιακών Σπουδών Αρχαιολογία της Ανατολικής Μεσογείου από την Προϊστορική εποχή έως την Ύστερη αρχαιότητα: Ελλάδα, Αίγυπτος, Εγγύς Ανατολή. 
924 |a Αλεξανδροπούλου  |b Άννα  |y Ρόδος  |z 2021-04  
970 |a Καραγιάννης  |b Φίλιππος  |z 19-04-2021